LEADER 01276nam--2200433---450- 001 990003345280203316 005 20091106120345.0 010 $a978-88-304-2623-8 035 $a000334528 035 $aUSA01000334528 035 $a(ALEPH)000334528USA01 035 $a000334528 100 $a20091106d2009----km-y0itay50------ba 101 $aita 102 $aIT 105 $a||||||||001yy 200 1 $a<> affari di famiglia$efatti e misfatti della nuova generazione di padroni$fFilippo Astone$gprefazione di Fabio Tamburini 205 $a3. ed. 210 $aMilano$cLonganesi$dcopyr. 2009 215 $a363 p.$cill.$d21 cm 225 2 $aLe spade$v14 300 $aBibl.: p. 329-350. Indici: p. 351-363 410 0$12001$aLe spade 454 1$12001 461 1$1001-------$12001 606 0 $aImprenditori$yItalia$z2000-2008 606 0 $aCapitalismo$xSaggi$yItalia$zSec. 21. 676 $a338.644092 676 $a338.0945 700 1$aASTONE,$bFilippo$0606645 702 1$aTAMBURINI,$bFabio$f<1954-> 801 0$aIT$bsalbc$gISBD 912 $a990003345280203316 951 $aP08 2337$bDISTRA 959 $aBK 969 $aDISTRA 979 $aDISTRA2$b90$c20091106$lUSA01$h1203 996 $aAffari di famiglia$91124627 997 $aUNISA LEADER 01755nam 2200397 450 001 9910716952603321 005 20211110131714.0 035 $a(CKB)5470000002526670 035 $a(OCoLC)1285001119 035 $a(EXLCZ)995470000002526670 100 $a20211110d2011 ua 0 101 0 $aeng 135 $aur||||||||||| 181 $ctxt$2rdacontent 182 $cc$2rdamedia 183 $acr$2rdacarrier 200 10$aSimulation of hydraulic conditions and observed and potential geomorphic changes in a reconfigured reach of Muddy Creek, north-central Colorado, 2001-2008 /$fby J.G. Elliott [and four others] 210 1$aReston, Virginia :$cU.S. Department of the Interior, U.S. Geological Survey,$d2011. 215 $a1 online resource (v, 43 pages) $ccolor illustrations, color maps 225 1 $aScientific investigations report ;$v2010-5183 300 $a"Prepared in cooperation with the Colorado Water Conservation Board and the Colorado River Water Conservation District." 320 $aIncludes bibliographical references (pages 41-43). 606 $aHydrology$zColorado$zMuddy Creek (Grand County) 606 $aGeomorphology$zColorado$zMuddy Creek (Grand County) 615 0$aHydrology 615 0$aGeomorphology 700 $aElliott$b John G$g(John Grant),$f1951-$01382703 712 02$aGeological Survey (U.S.), 712 02$aColorado Water Conservation Board. 712 02$aColorado River Water Conservation District (Colo.) 801 0$bGPO 801 1$bGPO 906 $aBOOK 912 $a9910716952603321 996 $aSimulation of hydraulic conditions and observed and potential geomorphic changes in a reconfigured reach of Muddy Creek, north-central Colorado, 2001-2008$93503141 997 $aUNINA